000 00663nam a2200205Ia 4500
003 IN-BaIIA
008 211028s9999 xx 000 0 eng d
020 _a3-527-40451-1
040 _cIIA Library
080 _a52(048.1)
_bREV-16
245 0 _aReviews in modern astronomy
_b16, the cosmic circuit of matter
_cedited by Reinhard E. Schielicke
260 _aWeinheim
_bWiley-VCH Verlag Gmbh
_c2003
300 _a320p.
490 _aReviews in modern astronomy; v. 16
650 _aAstronomy
_980
650 _aEtoiles-Composition
_930430
650 _aGalaxies
_91286
700 _aSchielicke, Reinhard E., ed.
_923237
942 _cBK
999 _c16414
_d16414